000 00742nam a2200265Ia 4500
005 20260121170220.0
008 008 260114s9999 xx 000 0 eng d
020 _a9789811067198
037 _aEBOOK
040 _aCRL
040 _beng
040 _cCRL
041 _2eng
041 _aeng
084 _qCRL
100 _aXinbin Feng, Bo Meng, Haiyu Yan, Xuewu Fu, Heng Yao, Lihai Shang
_91061206
245 0 _aBiogeochemical Cycle of Mercury in Reservoir Systems in Wujiang River Basin, Southwest China
260 _bSpringer
260 _bSpringer
260 _c2018
856 _uhttps://link.springer.com/openurl?genre=book&isbn=978-981-10-6719-8
942 _cEBOOK
999 _c1626935
_d1626935